| 000 | 00358nam a2200133Ia 4500 | ||
|---|---|---|---|
| 008 | 240624s9999 xx 000 0 und d | ||
| 041 | _aeng | ||
| 082 | _a658.84 MIC | ||
| 100 | _aMICHELLI JOSEPH A | ||
| 245 | _aZAPPOS EXPERIENCE 5 PRINCIPLES TO INSPIR | ||
| 260 |
_c2012 _aNew Delhi _bMcGraw-Hill |
||
| 300 | _axiii, : 302 : p. : cm. ; 22 | ||
| 365 |
_cRS _b27 |
||
| 999 |
_c21956 _d21956 |
||